Sobre el estado en España.

Gespeichert in:
Bibliographische Detailangaben
1. Verfasser: Negro Pavón, Dalmacio (autor)
Format: Buch
Veröffentlicht: Madrid, España: Fundación Francisco Elías de Tejeda; Marcial Pons, 2007.
Schriftenreihe:Prudentia Iuris.
Schlagworte:
Tags: Tag hinzufügen
Keine Tags, Fügen Sie den ersten Tag hinzu!

MARC

LEADER 00000nam a22000007a 4500
003 CL-VaPUC
005 20220822114636.0
008 220718t2007 ||||| |||| 00| 0 eng d
999 |c 437153  |d 437151 
020 |a 978-84-9768-443-9 
040 |c Pontificia Universidad Católica de Valparaíso 
082 |a 320.1 NEG 2007  |2 22 
100 |a Negro Pavón, Dalmacio  |e autor  |9 614996 
245 |a Sobre el estado en España. 
260 |a Madrid, España:   |b Fundación Francisco Elías de Tejeda;   |b Marcial Pons,   |c 2007. 
300 |a 124 páginas. 
490 |a Prudentia Iuris.  
500 |a c.1.Donación Familia Prof. Alejandro Guzmán Brito 
583 |c 20220718  |k Cristina María Rojas Aguilar 
650 |a Estado   |x Filosofía   |z España  |9 873130 
651 |a España  |x Política y gobierno   |9 873131 
942 |2 ddc  |c BK  |n 0 
952 |0 0  |1 0  |2 ddc  |4 0  |6 320_100000000000000_NEG_2007  |7 1  |8 C_AGB  |9 584903  |a BIBDER  |b BIBDER  |d 2022-07-18  |e Donación   |i 5653019  |o 320.1 NEG 2007  |p 5653019  |r 2023-01-25  |t 1  |w 2022-07-18  |y BK_US  |k AGB